Algebra for college students. (Record no. 16434)
[ view plain ]
| 000 -LEADER | |
|---|---|
| fixed length control field | 00609nam a2200229 a 4500 |
| 003 - CONTROL NUMBER IDENTIFIER | |
| control field | OSt |
| 005 - DATE AND TIME OF LATEST TRANSACTION | |
| control field | 20140310182823.0 |
| 008 - FIXED-LENGTH DATA ELEMENTS--GENERAL INFORMATION | |
| fixed length control field | 100716s19uu xx 00 eng d |
| 050 ## - LIBRARY OF CONGRESS CALL NUMBER | |
| Classification number | QA152.2 |
| Item number | .D867 |
| 082 ## - DEWEY DECIMAL CLASSIFICATION NUMBER | |
| Classification number | IB 512.9 |
| Item number | D87 2006 |
| 100 ## - MAIN ENTRY--PERSONAL NAME | |
| Personal name | Dugopolski, Mark |
| 245 ## - TITLE STATEMENT | |
| Title | Algebra for college students. |
| Statement of responsibility, etc | Mark Dugopolski |
| 250 ## - EDITION STATEMENT | |
| Edition statement | 4th |
| 260 ## - PUBLICATION, DISTRIBUTION, ETC. (IMPRINT) | |
| Place of publication, distribution, etc | Philippines |
| Name of publisher, distributor, etc | C and E Publishing Inc |
| Date of publication, distribution, etc | 2006 |
| 300 ## - PHYSICAL DESCRIPTION | |
| Extent | 739 |
| Other physical details | ill. |
| 526 ## - STUDY PROGRAM INFORMATION NOTE | |
| Interest level | IB Students |
| 541 ## - IMMEDIATE SOURCE OF ACQUISITION NOTE | |
| -- | 1 |
| 562 ## - COPY AND VERSION IDENTIFICATION NOTE | |
| Number of copies | 1 |
| 650 ## - SUBJECT ADDED ENTRY--TOPICAL TERM | |
| Topical term or geographic name as entry element | Algebra |
| 942 ## - ADDED ENTRY ELEMENTS (KOHA) | |
| Source of classification or shelving scheme | Library of Congress Classification |
| Koha item type | |
| Call number prefix | |
| Withdrawn status | Lost status | Source of classification or shelving scheme | Damaged status | Home library | Current library | Shelving location | Date acquired | Source of acquisition | Total Checkouts | Total Renewals | Full call number | Barcode | Date last seen | Date checked out | Copy number | Price effective from | Koha item type |
|---|---|---|---|---|---|---|---|---|---|---|---|---|---|---|---|---|---|
| Library of Congress Classification | Archives | Archives | 05/18/2013 | Donation | 3 | 60 | QA152.2 .D867 2010 | C15179 | 07/15/2019 | 09/25/2018 | 1 | 05/18/2013 | Books | ||||
| Library of Congress Classification | College Library | College Library | General Circulation Section | 05/18/2013 | 2 | 14 | QA152.2 .D867 2010 | C12742 | 05/15/2018 | 06/23/2015 | 3 | 05/18/2013 | Books | ||||
| Library of Congress Classification | College Library | College Library | General Circulation Section | 05/18/2013 | 1 | 10 | QA152.2 .D93 2006 | C8297 | 05/15/2018 | 07/31/2015 | 1 | 05/18/2013 | Books |